000 00624nam a2200181 a 4500
005 20200104041551.0
008 140123b2004 ck ||||| |||| 00| 0 spa d
040 _cCO-BoIH
041 _aspa
044 _ack
090 _aIAVH
_b00347
110 _bInstituto de Investigación de Recursos Biológicos Alexander von Humboldt
_9204
245 _aEvaluación del estado de conservación de Wigginsia vorwerckiana (Cactaceae) en el enclave semiárido del borde Suroeste de la Sabana de Bogotá
260 _aBogotá
_bInstituto Alexander von Humboldt
_c2004
300 _a28 p.
942 _cINFORME
_2z
945 _d2005-06-13
999 _c4544
_d4544